000 00907nam a22002897a 4500
001 6553
003 FISKH
005 20250509103013.0
008 250509b cb ||||| |||| 00| 0 eng d
020 _a9780439680639
040 _aFISKH
_beng
_cFISKH
_dFISKH
050 _aPZ7.
082 _a318
100 _aMazer, Anne
_d(1953-)
245 _aThe amazing day of Abby Hayes :
_bIt's music to my ears /
_cBy Anne Mazer
250 _aThis edition first published in 2004
260 _aNew York :
_bApple,
_c2004
300 _a110 pages :
_c20 cm
505 _aL
520 _aNow that she's in sixth grade, Abby's discovering new friends and new talents. She's also discovering a major new interest: a boy!
521 8 _a510
_bLexile
521 8 _aL
_bRaz-Plus
650 _2Realistic fiction
_aAmerican authors
650 _2Blue series
_aFiction
942 _2ddc
_cBK
_n0
999 _c6553
_d6553